NATIONAL MEDIA POLICY (Record no. 22112)

MARC details
000 -LEADER
fixed length control field 00285nam a22001337a 4500
003 - CONTROL NUMBER IDENTIFIER
control field SGT
020 ## - INTERNATIONAL STANDARD BOOK NUMBER
International Standard Book Number 81-7027-644-9
082 ## - DEWEY DECIMAL CLASSIFICATION NUMBER
Classification number 302.23
Item number GUP
100 ## - MAIN ENTRY--PERSONAL NAME
Personal name GUPTA, V.S.
245 ## - TITLE STATEMENT
Title NATIONAL MEDIA POLICY
260 ## - PUBLICATION, DISTRIBUTION, ETC. (IMPRINT)
Place of publication, distribution, etc INDIA
Name of publisher, distributor, etc CONCEPT PUB.
Year of Publication 1996
300 ## - PAGE DESCRIPTION
No. of Pages 176
942 ## - ADDED ENTRY ELEMENTS (KOHA)
Source of classification or shelving scheme Dewey Decimal Classification
Koha item type Books
Holdings
Withdrawn status Lost status Source of classification or shelving scheme Damaged status Not for loan Collection code Home library Current library Shelving location Date acquired Vendor Name Cost, normal purchase price SGTU Bill Number Total Checkouts Full call number Accession No. (Barcode) Date last seen Bill Date Koha item type
    Dewey Decimal Classification     MASS COMMUNICATION SGT Science & Social Sciences Library SGT Science & Social Sciences Library Text Book 11/02/2022 VANIPRAKASHAN 450.00 SGTU GV390   302.23 GUP MC954 11/02/2022   Books
    Dewey Decimal Classification     MASS COMMUNICATION SGT Science & Social Sciences Library SGT Science & Social Sciences Library Text Book 11/02/2022 VANIPRAKASHAN 450.00 SGTU GV390   302.23 GUP MC955 11/02/2022   Books
    Dewey Decimal Classification     MASS COMMUNICATION SGT Science & Social Sciences Library SGT Science & Social Sciences Library Text Book 11/02/2022 VANIPRAKASHAN 450.00 SGTU GV390   302.23 GUP MC956 11/02/2022   Books